Logo BPK

Bibliografia Prac Pracowników

Politechniki Koszalińskiej

Właściwości fizykochemiczne klinoptylolitu modyfikowanego ditlenkiem manganu = (Rekord nr 3387)

Szczegóły MARC
000 -ETYKIETA REKORDU
podpole kontrolne o stałej długości 01382nab a2200253 i 4500
001 - NUMER KONTROLNY REKORDU
podpole kontrolne BPP
003 - IDENTYFIKATOR NUMERU KONTROLNEGO REKORDU
podpole kontrolne BPK
005 - DATA OSTATNIEJ MODYFIKACJI REKORDU
podpole kontrolne 20141008113444.0
008 - POLE O STAŁEJ DŁUGOŚCI - DANE KONTROLNE
podpole kontrolne o stałej długości 141008s2006 pl | | |000 ||pol
040 ## - ŹRÓDŁO KATALOGOWANIA
Instytucja, która utworzyła rekord BPK
041 ## - KOD JĘZYKA
Kod języka tekstu pol
Kod języka streszczenia lub abstraktu eng
044 ## - KOD KRAJU WYDAWCY/PRODUCENTA
Kod kraju wydawcy/producenta POL
080 ## - UNIWERSALNA KLASYFIKACJA DZIESIĘTNA - UKD
UKD 628.1/.3
080 ## - UNIWERSALNA KLASYFIKACJA DZIESIĘTNA - UKD
UKD 543
100 ## - NAZWA OSOBOWA
Nazwa osobowa ANIELAK, Anna Maria.
Lata pracy 1996 - 2011.
Instytucja Politechnika Koszalińska - Wydział Budownictwa i Inżynierii Środowiska,
Wydział Katedra Technologii Wody i Ścieków
245 ## - TYTUŁ/ODPOWIEDZIALNOŚĆ
Tytuł Właściwości fizykochemiczne klinoptylolitu modyfikowanego ditlenkiem manganu =
Ciąg dalszy tytułu The physicochemical properties of manganese dioxide-modified clinoptylolite /
Pozostałe elementy strefy tytułu i oznaczenia odpowiedzialności Anna M. Anielak.
260 ## - STREFA ADRESU WYDAWNICZEGO
Data publikacji, dystrybucji/powstania dokumentu 2006.
500 ## - UWAGI OGÓLNE
Tekst uwagi Dane z autopsji.
520 ## - UWAGA DOTYCZĄCA TREŚCI DOKUMENTU
Analiza dokumentacyjna, adnotacja itp. Dokonano analizy fizykochemicznych właściwości zeolitu naturalnego (klinoptylolitu), modyfikowanego ditlenkiem manganu. Na podstawie widma w podczerwieni zeolitu naturalnego i modyfikowanego przeprowadzono ocenę wpływu modyfikacji zeolitu na jego właściwości. Określono jego zdolności katalityczne i sorpcyjne w procesie usuwania z wody Mn(II) i As(III). Przedstawiono mechanizm przebiegu reakcji utleniania i sorpcji badanych jonów a następnie opisano go równaniami chemicznymi.
650 #0 - HASŁO PRZEDMIOTOWE W FORMIE NAZWY OGÓLNEJ LUB JEDNOSTKOWEJ
Nazwa ogólna lub geograficzna Oczyszczalnia ścieków.
650 #0 - HASŁO PRZEDMIOTOWE W FORMIE NAZWY OGÓLNEJ LUB JEDNOSTKOWEJ
Nazwa ogólna lub geograficzna Zeolity.
773 ## - TYTUŁ DOKUMENTU MACIERZYSTEGO
Wyrażenie wprowadzające W :
Tytuł Przemysł Chemiczny. -
Informacje dotyczące relacji T. 85, 2006, nr 7, s. 487-491
942 ## - HASŁO DODATKOWE - ELEMENTY(KOHA)
Typ dokumentu Artykuł
Schemat klasyfikacji Uniwersalna klasyfikacja dziesiętna
Egzemplarze
Wycofany Zagubiony Uszkodzony Dostępność Lokalizacja stała Lokalizacja bieżąca Sygnatura Typ dokumentu
      Dostępny Bibliografia Prac Pracowników - BPK Bibliografia Prac Pracowników - BPK 0684 Artykuł
© 2014 Biblioteka Politechniki Koszalińskiej :: BIBLIOGRAFIA PRAC PRACOWNIKÓW